Designing organizations: an executive brieefing on strategy, structure, and process

Wedi'i Gadw mewn:
Manylion Llyfryddiaeth
Prif Awdur: Galbraith, Jay R (Awdur)
Fformat: Llyfr
Iaith:Saesneg
Cyhoeddwyd: San Francisco Jossey-Bass 1995
Cyfres:The Jossey-Bass Management Series
Pynciau:
Tagiau: Ychwanegu Tag
Dim Tagiau, Byddwch y cyntaf i dagio'r cofnod hwn!

MARC

LEADER 00000nam a2200000 a 4500
001 UCQ5043
003 CL-VaPUC
008 980921e19950000US |||||||||||||||||eng|d
082 0 4 |a 658.4  |b GAL  |2 21 
100 |a Galbraith, Jay R  |e author  |9 419199 
245 1 0 |a Designing organizations: an executive brieefing on strategy, structure, and process 
300 |a 164 p 
942 |c BK 
945 |d 19980921 00:00:00  |a aarredon 
260 |a San Francisco  |b Jossey-Bass  |c 1995 
650 0 |a Planificación estratégica   |9 259735 
650 0 |a Efectividad organizacional   |9 312773 
650 0 |a Cambio organizacional   |9 260741 
650 0 |a Organizaciones  |9 337993 
583 |a last modification  |c 19980921 00:00:00  |k Rodrigo Vera 
490 0 |a The Jossey-Bass Management Series 
999 |c 275296  |d 275294 
952 |0 0  |1 0  |4 0  |6 658_400000000000000_GAL_1995  |7 0  |8 A  |9 311952  |a BIBING  |b BIBING  |d 2019-11-20  |i 3463516  |o 658.4 GAL 1995  |p 3463516  |r 2025-01-20  |w 2019-11-20  |y BK  |k EII